1899 1983 1420 1005 1567 1367 1433 1240 1038 1759 1937 1307 1282 1364 1044 1860 1694 1180 1895 1462 1494 1190 1410 1055 1049 1769 1162 1413 1394 1934 1417 1381 1635 1225 1748 1992 1517 1169 1612 1375 1037 1648 1220 1645 1838 1053 1371 1366 1997 1535 1278 1987 1708 1722 1380 1981 1241 1617 1689 1076 1841 1782 1565 1217 1740 1306 1279 1813 1448 1305 1632 1245 1915 1335 1124 1129 1542 1176 1059 1668 1145 1817 1267 1411 1164 1543 1002 1671 1651 1520 1418 1740 1561 1065 1308 1420 1708 1879 1867 BCNSPRNW ULIB Ver.6.0+V

เปลี่ยนเป็นภาษาไทย

Change to English
 แสดงรายละเอียดบรรณานุกรม
  กลับหน้าหลัก

Brief Record : Get Marc (ISO 2709) : E-mail record : QR code < ปิดหน้าต่าง
LEADER : 00000nam 2200000uu 4500
001    13399124998
003     ULIB
008    020711s2557 th a 000 0 tha d
020    9786167388700
060    WS100^bท589
110    วิทยาลัยแพทยศาสตร์พระมงกุฏเกล้า^bโครงการตำรา
245    Textbook of Pediatrics /^cโครงการตำรา วิทยาลัยแพทยศาสตร์พระมงกุฏเกล้า
250    พิมพ์ครั้งที่ 1
260    กรุงเทพฯ :^bโครงการตำรา วิทยาลัยแพทยศาสตร์พระมงกุฏเกล้า,^c2557
300    1026 หน้า;^b26 ซม.
650    กุมารเวชศาสตร์
650    เด็ก^xโรค
700    กิตติ ต่อจรัส
700    ดุสิต สถาวร
700    สนิตรา ศิริธางกุล
700    อังคณา เก่งสกุล
945    ^p900^l0^i23730
รายการนี้ยังไม่มีแท็ก
คุณยังไม่ได้ล็อกอิน คุณสามารถมีกิจกรรมร่วมกับเว็บไซต์ได้ แต่ต้องล็อกอินก่อน ::
  ล็อกอิน

รายการสื่อสารสนเทศ

ลำดับที่ ประเภท เลขเรียก/บาร์โค้ด สถานที่ สถานะ
1. วิทยาศาสตร์การแพทย์ และสุขภาพ
วิทยาศาสตร์การแพทย์ และสุขภาพ
สถานะ=หนังสือเก่า
WS100 ท589 ฉ.1 
  Barcode: 23730
ห้องสมุดวิทยาเขตนครสวรรค์
►ส่วนจัดเก็บหนังสือเก่า นว.
บนชั้น
  ขอยืม

รายการใกล้เคียง
    หัวเรื่อง [กุมารเวชศาสตร์]

BibComment


ยังไม่เคยถูกคอมเมนท์

คอมเมนท์ทรัพยากรรายการนี้
  คอมเมนท์: Textbook of Pedia..


 Copyright 2026. Bcnsprnw @Library